000 00751nam a2200265Ia 4500
001 Para_3828
003 CHAP
008 220125s1933 xx 000 0 und d
010 _a202349
040 _cCHAP
090 _aPA FOLLETO 1049
100 _aLamiman, J. F
_964580
245 _aControl of the grape leafhopper in California /
_c J. F. Lamiman
260 _aBerkeley, Cal. :
_b University of California
300 _a20 p.
440 _aCalifornia Agri. Ext. Serv. Circular; 72
_9167497
650 _aUva
_x Plagas Erythroneura
_9167498
901 _aPA FOLLETO 1049
902 _aA
905 _a0000001933 BER 0000000000 00
910 _a1933
942 _cPARA
942 _cPARA
_d1
999 _c202349
_d202349